| 000 | 00545nam a22001817a 4500 | ||
|---|---|---|---|
| 005 | 20180423145250.0 | ||
| 010 | _aENG-122565 | ||
| 020 |
_a9788183823449 _c131.75 |
||
| 035 | _aEN-106097 | ||
| 037 | _bDBAD/PUB | ||
| 082 | _a615.53 | ||
| 100 | _a Sharma, Rajeev | ||
| 245 |
_aAyurveda for all / _cby Rajeev Sharma |
||
| 260 |
_aNew Delhi _bLotus Press _c2017 |
||
| 270 |
_a4735/22, Prakash Deep Building, Ansari Road, Darya Ganj, _bNew Delhi _e110002 |
||
| 300 |
_a260 p. _c20cm.(Hb) _bill. |
||
| 942 |
_2ddc _cEN _mSHA _h615.53 |
||
| 999 |
_c151151 _d151151 |
||